Mapa Topológico da Europa Continental - Statistics

Estatísticas Gerais
  • Esse quiz foi jogado 3 503 vezes
  • A pontuação média é 15 de 41
Respostas no mapa
Respostas codificadas por cores de uma escala verde-vermelha no mapa do quiz de acordo com a % correta abaixo.
 
Estatísticas das Respostas
Resposta % Correto
Rússia
55%
Andorra
54%
Espanha
54%
França
54%
Portugal
54%
Alemanha
51%
Itália
51%
Vaticano
50%
Mônaco
47%
Bélgica
44%
Países Baixos
44%
San Marino
44%
Dinamarca
43%
Liechtenstein
42%
Ucrânia
42%
Áustria
41%
Suíça
41%
Luxemburgo
40%
Bielorrússia
36%
Estônia
36%
Moldávia
36%
Polônia
35%
Letónia
34%
Romênia
34%
Grécia
33%
Lituânia
33%
Croácia
31%
Bósnia e Herzegovina
30%
Bulgária
30%
Eslovénia
29%
República Checa
29%
Eslováquia
27%
Sérvia
27%
Suécia
27%
Albânia
26%
Hungria
26%
Noruega
25%
Macedónia do Norte
24%
Montenegro
24%
Finlândia
23%
Kosovo
23%
Nenhum quiz correspondente encontrado
Distribuição das Pontuações
Porcentagem de Pessoas com Cada Pontuação
Percentil de Números Respondidos
Sua Pontuação Histórica
Você não jogou esse quiz